[Event "Vecindario Montalvo Memorial 16th"]
[Site "Vecindario"]
[Date "2024.03.30"]
[Round "8"]
[White "Zhou, Lepu Coco"]
[Black "Bangiev, Katharina"]
[Result "1-0"]
[WhiteElo "1980"]
[BlackElo "1779"]
[PlyCount "71"]
[EventDate "2024.03.23"]
[EventType "swiss"]
[EventRounds "9"]
[EventCountry "ESP"]
[SourceTitle "CB15_2024"]
[SourceDate "2024.04.10"]
[SourceVersion "1"]
[SourceVersionDate "2024.04.10"]
[SourceQuality "1"]

1. e4 c5 2. Nf3 Nc6 3. d4 cxd4 4. Nxd4 g6 5. c4 Bg7 6. Be3 Nf6 7. Nc3 0-0 8. Be2 d6 9. 0-0 Bd7 10. h3 Nxd4 11. Bxd4 Bc6 12. Qc2 h5 13. Rad1 Nd7 14. Bxg7 Kxg7 15. b4 b6 16. Nd5 a5 17. Rd3 axb4 18. Rg3 Bxd5 19. cxd5 Nf6 20. Bb5 Ra3 21. Rxa3 bxa3 22. Bc6 Qb8 23. Rb1 Qa7 24. Qc3 Kh7 25. Qe3 Rb8 26. Rb3 Nd7 27. Rxa3 Qc7 28. f4 Nc5 29. f5 b5 30. Qf4 Kg7 31. fxg6 fxg6 32. Rf3 Qa7 33. Kh2 Rg8 34. Bxb5 Qc7 35. Be8 Qd8 36. Bxg6 1-0

[Event "Vecindario Montalvo Memorial 15th"]
[Site "Vecindario"]
[Date "2023.04.07"]
[Round "7"]
[White "Rivero Reyes, Alejandro"]
[Black "Bangiev, Katharina"]
[Result "1/2-1/2"]
[WhiteElo "1620"]
[BlackElo "1483"]
[PlyCount "108"]
[EventDate "2023.04.02"]
[EventType "swiss"]
[EventRounds "9"]
[EventCountry "ESP"]
[SourceTitle "CBM 213 Extra"]
[Source "ChessBase"]
[SourceDate "2023.05.31"]
[SourceVersion "1"]
[SourceVersionDate "2023.05.31"]
[SourceQuality "1"]

1. e4 c5 2. Nf3 Nc6 3. Bb5 g6 4. Bxc6 bxc6 5. d3 Bg7 6. 0-0 Nf6 7. Nbd2 0-0 8. Re1 d5 9. Rb1 Qc7 10. b3 Rd8 11. Qe2 Rb8 12. h3 Ba6 13. Bb2 Rb7 14. a4 Nh5 15. Bxg7 Kxg7 16. Qe3 d4 17. Qg5 Qd6 18. e5 Qd5 19. Re4 f6 20. exf6+ exf6 21. Qh4 Qd6 22. Rbe1 Rdd7 23. Re6 Qf8 24. Rxc6 Rb6 25. Rxb6 axb6 26. Qe4 Bb7 27. Qe6 Qd8 28. g3 Bd5 29. Qe2 Qc7 30. Kh2 Kf7 31. Nh4 Re7 32. Qxe7+ Qxe7 33. Rxe7+ Kxe7 34. Nc4 Bxc4 35. dxc4 Ke6 36. f4 Ng7 37. Kg2 g5 38. fxg5 fxg5 39. Nf3 Kf5 40. Nd2 h5 41. Kf2 Ne8 42. b4 cxb4 43. Nf3 Nd6 44. Nxd4+ Ke4 45. Nc6 Nxc4 46. Nxb4 Ne3 47. Ke2 Nf5 48. g4 hxg4 49. hxg4 Nd4+ 50. Kf2 Ne6 51. Ke2 Nc5 52. Nd3 Nxa4 53. Kd2 Nc5 54. Nb4 Na4 1/2-1/2

[Event "Canarias-ch (Women)"]
[Site "Brena Baja"]
[Date "2022.06.04"]
[Round "6"]
[White "Machin Santiago, Andrea Sabina"]
[Black "Bangiev, Katharina"]
[Result "1/2-1/2"]
[WhiteElo "1221"]
[BlackElo "1441"]
[PlyCount "97"]
[EventDate "2022.06.01"]
[EventType "swiss"]
[EventRounds "6"]
[EventCountry "ESP"]
[SourceTitle "CBM 208 Extra"]
[Source "ChessBase"]
[SourceDate "2022.07.31"]
[SourceVersion "1"]
[SourceVersionDate "2022.07.31"]
[SourceQuality "1"]

1. e4 c5 2. Nf3 Nc6 3. c3 e5 4. Bc4 h6 5. d4 exd4 6. cxd4 cxd4 7. Nxd4 Nf6 8. Nc3 Bb4 9. Nxc6 Bxc3+ 10. bxc3 bxc6 11. e5 Qa5 12. Qd4 Nd5 13. Bxd5 Qxd5 14. Qxd5 cxd5 15. Be3 Ba6 16. Kd2 0-0 17. Rab1 Bc4 18. a3 a5 19. Rb7 a4 20. Rxd7 Rab8 21. Bc5 Rb2+ 22. Ke3 Re2+ 23. Kf3 Rb8 24. Rxd5 Rxf2+ 25. Kxf2 Rb2+ 26. Kg3 Bxd5 27. Rg1 g5 28. h3 Kg7 29. Bd4 Kg6 30. Bc5 h5 31. Bd4 Rc2 32. Kh2 h4 33. Kh1 Ra2 34. Bc5 Kf5 35. Bd6 Ke6 36. Bc5 Kxe5 37. Re1+ Kf5 38. Rf1+ Kg6 39. Rf2 Rxf2 40. Bxf2 Kf5 41. Kh2 Ke4 42. Bc5 Be6 43. Be7 Kf5 44. g3 hxg3+ 45. Kxg3 Kg6 46. h4 gxh4+ 47. Bxh4 Kf5 48. Kf3 Ke5 49. Ke3 1/2-1/2

[Event "Canarias-ch (Women)"]
[Site "Brena Baja"]
[Date "2022.06.02"]
[Round "2"]
[White "Gimenez, Maria de los Angele"]
[Black "Bangiev, Katharina"]
[Result "1-0"]
[WhiteElo "1562"]
[BlackElo "1441"]
[PlyCount "45"]
[EventDate "2022.06.01"]
[EventType "swiss"]
[EventRounds "6"]
[EventCountry "ESP"]
[SourceTitle "CBM 208 Extra"]
[Source "ChessBase"]
[SourceDate "2022.07.31"]
[SourceVersion "1"]
[SourceVersionDate "2022.07.31"]
[SourceQuality "1"]

1. e4 c5 2. Nf3 Nc6 3. d4 cxd4 4. Nxd4 g6 5. Nc3 Bg7 6. Be3 Nf6 7. Nxc6 bxc6 8. e5 Ng8 9. Bd4 f6 10. f4 d5 11. exd6 exd6 12. Qf3 d5 13. 0-0-0 Ne7 14. Re1 0-0 15. g4 f5 16. Bxg7 Kxg7 17. g5 Rb8 18. Qe2 Re8 19. Qe5+ Kg8 20. Qxb8 d4 21. Bc4+ Kf8 22. Qe5 Ng8 23. Qh8 1-0

[Event "GER-ch U12 Girls"]
[Site "Willingen"]
[Date "2021.08.24"]
[Round "3"]
[White "Hesse, Sariana"]
[Black "Bangiev, Katharina"]
[Result "0-1"]
[WhiteElo "997"]
[BlackElo "1477"]
[PlyCount "48"]
[EventDate "2021.08.22"]
[EventType "swiss"]
[EventRounds "9"]
[EventCountry "GER"]
[SourceTitle "EXT 2022"]
[Source "ChessBase"]
[SourceDate "2021.10.06"]
[SourceVersion "1"]
[SourceVersionDate "2021.10.06"]
[SourceQuality "1"]

1. e4 c5 2. Nf3 Nc6 3. d4 cxd4 4. Nxd4 g6 5. Nc3 Bg7 6. Nb3 Nf6 7. Be2 d6 8. 0-0 0-0 9. Kh1 Nd7 10. f4 f5 11. Qe1 Nb6 12. Qh4 Bxc3 13. bxc3 fxe4 14. Bb5 Rf5 15. Qg3 Rxb5 16. Bb2 Nc4 17. a4 Rf5 18. Bc1 e5 19. Rb1 Qf6 20. Nd2 exf4 21. Nxe4 fxg3 22. Nxf6+ Kg7 23. Ne8+ Kf7 24. Nc7 Rxf1# 0-1

[Event "GER-ch U12 Girls"]
[Site "Willingen"]
[Date "2020.10.30"]
[Round "6"]
[White "Fock, Madiha"]
[Black "Bangiev, Katharina"]
[Result "1/2-1/2"]
[WhiteElo "1258"]
[BlackElo "1539"]
[PlyCount "47"]
[EventDate "2020.10.26"]
[EventType "swiss"]
[EventRounds "7"]
[EventCountry "GER"]
[SourceTitle "CBM 199 Extra"]
[Source "ChessBase"]
[SourceDate "2021.01.31"]
[SourceVersion "1"]
[SourceVersionDate "2021.01.31"]
[SourceQuality "1"]

1. e4 d6 2. d4 g6 3. Nc3 Bg7 4. Be3 Nf6 5. f3 0-0 6. Qd2 Nc6 7. 0-0-0 e5 8. d5 Ne7 9. g4 h5 10. h4 Kh7 11. Nge2 Rh8 12. Bg5 Kg8 13. Bxf6 Bxf6 14. g5 Bg7 15. f4 exf4 16. Qxf4 Be5 17. Qf2 c6 18. Bg2 cxd5 19. Rhf1 Rh7 20. exd5 Nf5 21. Ne4 Qa5 22. a3 b5 23. Rd3 Ba6 24. Rb3 1/2-1/2

[Event "GER-ch U12 Girls"]
[Site "Willingen"]
[Date "2020.10.29"]
[Round "4"]
[White "Bangiev, Katharina"]
[Black "Peglau, Dora"]
[Result "1/2-1/2"]
[WhiteElo "1539"]
[BlackElo "1683"]
[PlyCount "95"]
[EventDate "2020.10.26"]
[EventType "swiss"]
[EventRounds "7"]
[EventCountry "GER"]
[SourceTitle "CBM 199 Extra"]
[Source "ChessBase"]
[SourceDate "2021.01.31"]
[SourceVersion "1"]
[SourceVersionDate "2021.01.31"]
[SourceQuality "1"]

1. e4 c5 2. Nc3 Nc6 3. g3 g6 4. Bg2 Bg7 5. f4 d6 6. Nge2 Nf6 7. 0-0 0-0 8. d3 Bd7 9. h3 a6 10. a4 Qc7 11. Be3 Rab8 12. Qd2 b5 13. axb5 axb5 14. f5 b4 15. Nd1 Ra8 16. Rxa8 Rxa8 17. c3 Ra1 18. d4 bxc3 19. bxc3 Qa5 20. fxg6 hxg6 21. Nf4 cxd4 22. cxd4 Qxd2 23. Bxd2 Ra4 24. d5 Ne5 25. Nc3 Ra3 26. Rb1 g5 27. Nfe2 Bxh3 28. Bxg5 Bg4 29. Rb7 Kf8 30. Rb8+ Ne8 31. Rb7 Bd7 32. Bf4 Ra1+ 33. Rb1 Rxb1+ 34. Nxb1 Nd3 35. Bd2 Be5 36. Bc3 Nf6 37. Bxe5 Nxe5 38. Nbc3 Bg4 39. Nd4 Ke8 40. Kf2 Nd3+ 41. Ke3 Nc5 42. Bf3 Bxf3 43. Nxf3 Nh5 44. g4 Nf6 45. g5 Nh5 46. Kd4 Nd7 47. e5 dxe5+ 48. Nxe5 1/2-1/2

[Event "GER-ch U12 Girls"]
[Site "Willingen"]
[Date "2020.10.28"]
[Round "2"]
[White "Heutling, Sarah"]
[Black "Bangiev, Katharina"]
[Result "0-1"]
[WhiteElo "1197"]
[BlackElo "1539"]
[PlyCount "120"]
[EventDate "2020.10.26"]
[EventType "swiss"]
[EventRounds "7"]
[EventCountry "GER"]
[SourceTitle "CBM 199 Extra"]
[Source "ChessBase"]
[SourceDate "2021.01.31"]
[SourceVersion "1"]
[SourceVersionDate "2021.01.31"]
[SourceQuality "1"]

1. e4 d6 2. d4 g6 3. Nc3 Bg7 4. Be3 Nf6 5. Nge2 0-0 6. h3 Nc6 7. g4 e5 8. Bg2 exd4 9. Nxd4 Nxd4 10. Bxd4 Re8 11. 0-0 Be6 12. Qd2 c6 13. a4 Bc4 14. Rfe1 c5 15. Be3 Re6 16. b3 Ba6 17. f4 Nd7 18. Rad1 Bxc3 19. Qxc3 Qc7 20. f5 Re7 21. Bf1 Bxf1 22. Rxf1 Rxe4 23. Bh6 Ne5 24. Rde1 Rxe1 25. Rxe1 Re8 26. Kg2 Qc6+ 27. Kg3 Qb6 28. h4 Qb4 29. Qxb4 cxb4 30. f6 Re6 31. Bg5 Nc6 32. Rf1 Nd4 33. Rf2 Ne2+ 34. Kf3 Nd4+ 35. Kg3 Re2 36. Rf4 Nc6 37. h5 Rxc2 38. Re4 Ne5 39. Rxb4 Rc3+ 40. Kg2 Rc2+ 41. Kf1 Rc7 42. Be3 b6 43. a5 Rb7 44. a6 Rc7 45. Rb5 Kf8 46. Bxb6 axb6 47. Rxb6 Ke8 48. Rxd6 Rd7 49. Rb6 Ra7 50. b4 Kd7 51. Rb7+ Rxb7 52. axb7 Kc7 53. hxg6 hxg6 54. g5 Nf3 55. Kf2 Nxg5 56. Kg3 Ne4+ 57. Kf4 Nxf6 58. Kg5 Ne4+ 59. Kf4 Nd6 60. Kg5 Kxb7 0-1

[Event "GER-ch U12 Girls"]
[Site "Willingen"]
[Date "2020.10.27"]
[Round "1"]
[White "Bangiev, Katharina"]
[Black "Braeutigam, Katerina"]
[Result "0-1"]
[WhiteElo "1539"]
[BlackElo "1744"]
[PlyCount "98"]
[EventDate "2020.10.26"]
[EventType "swiss"]
[EventRounds "7"]
[EventCountry "GER"]
[SourceTitle "CBM 199 Extra"]
[Source "ChessBase"]
[SourceDate "2021.01.31"]
[SourceVersion "1"]
[SourceVersionDate "2021.01.31"]
[SourceQuality "1"]

1. e4 c6 2. d4 d5 3. Nc3 dxe4 4. Nxe4 Bf5 5. Nc3 e6 6. Nf3 Nf6 7. g3 Nbd7 8. Bg2 Be7 9. 0-0 0-0 10. Ne2 Nb6 11. b3 Nfd5 12. c4 Nb4 13. Ba3 a5 14. Bxb4 axb4 15. Qd2 Qc7 16. Ne5 Rfd8 17. Qe3 Ra3 18. c5 Nd5 19. Bxd5 cxd5 20. Qd2 Rda8 21. Qxb4 f6 22. Nf3 Bg4 23. Kg2 Bxf3+ 24. Kxf3 Rxa2 25. Rxa2 Rxa2 26. Nc3 Ra8 27. Nb5 Qc6 28. Nd6 Bxd6 29. cxd6 Rd8 30. Qc5 Rxd6 31. b4 Qxc5 32. bxc5 Rc6 33. Rb1 Rc7 34. Rb6 Kf7 35. Ke3 Re7 36. f4 Kg6 37. c6 bxc6 38. Rxc6 Kf5 39. h3 h5 40. Kf3 g5 41. g4+ hxg4+ 42. hxg4+ Kg6 43. Rd6 gxf4 44. Kxf4 Kf7 45. Kf3 Ra7 46. Kf4 Ra4 47. Ke3 Ra3+ 48. Kf4 Rd3 49. Rd7+ Kg6 0-1

[Event "GER-chT U10"]
[Site "Magdeburg"]
[Date "2019.12.29"]
[Round "7.2"]
[White "Goldschmidt, Jakob"]
[Black "Bangiev, Katharina"]
[Result "0-1"]
[WhiteElo "1132"]
[BlackElo "1239"]
[PlyCount "50"]
[EventDate "2019.12.27"]
[EventType "team-swiss"]
[EventRounds "7"]
[EventCountry "GER"]
[SourceTitle "CBM 194 Extra"]
[Source "ChessBase"]
[SourceDate "2020.03.31"]
[SourceVersion "1"]
[SourceVersionDate "2020.03.31"]
[SourceQuality "1"]
[WhiteTeam "Stassfurt Einheit"]
[BlackTeam "Bemerode"]
[WhiteTeamCountry "GER"]
[BlackTeamCountry "GER"]

1. d4 d6 2. Nf3 g6 3. Bf4 Bg7 4. e3 Nf6 5. Bd3 0-0 6. 0-0 Nc6 7. c3 Bg4 8. h3 Bxf3 9. Qxf3 e5 10. Bg3 Re8 11. Qd1 e4 12. Bc2 d5 13. Nd2 Nh5 14. Bh2 f5 15. Ba4 Rf8 16. c4 dxc4 17. Nxc4 f4 18. Qd2 f3 19. gxf3 exf3 20. Bb3 Qg5+ 21. Bg3 Nxg3 22. fxg3 Qxg3+ 23. Kh1 f2 24. Nb6+ Kh8 25. Nxa8 Qxh3# 0-1

[Event "GER-ch U10 Girls"]
[Site "Willingen"]
[Date "2019.06.12"]
[Round "6"]
[White "Mirnaya, Veronika"]
[Black "Bangiev, Katharina"]
[Result "1-0"]
[WhiteElo "1237"]
[BlackElo "1003"]
[PlyCount "81"]
[EventDate "2019.06.08"]
[EventType "swiss"]
[EventRounds "11"]
[EventCountry "GER"]
[SourceTitle "EXT 2020"]
[Source "ChessBase"]
[SourceDate "2019.10.17"]
[SourceVersion "1"]
[SourceVersionDate "2019.10.17"]
[SourceQuality "1"]

1. e4 d6 2. d4 g6 3. Nc3 Bg7 4. Be3 Nf6 5. f3 0-0 6. Qd2 Nc6 7. 0-0-0 e5 8. d5 Ne7 9. Bh6 Qd7 10. h4 Rd8 11. Bxg7 Kxg7 12. h5 Nxh5 13. g4 Nf4 14. Qh2 Rh8 15. Nce2 Nxe2+ 16. Bxe2 c6 17. Nh3 f6 18. g5 f5 19. exf5 Nxf5 20. Bd3 cxd5 21. Bxf5 Qxf5 22. Qg2 d4 23. Nf2 d5 24. Qg3 Be6 25. Qh4 Qxf3 26. Qh6+ Kf7 27. Nd3 Qe3+ 28. Kb1 Rag8 29. Rde1 Qg3 30. Rhf1+ Ke7 31. Rxe5 Kd6 32. Rf6 Re8 33. Qg7 Qg1+ 34. Re1 Qxg5 35. Ref1 Rb8 36. Qf7 Rhe8 37. Nf4 Re7 38. Rxe6+ Rxe6 39. Qxe6+ Kc5 40. b3 Rf8 41. Nd3+ 1-0

[Event "GER-ch U10 Girls"]
[Site "Willingen"]
[Date "2019.06.10"]
[Round "3"]
[White "Bangiev, Katharina"]
[Black "Ezold, Johanna Sophie"]
[Result "1-0"]
[WhiteElo "1003"]
[BlackElo "1076"]
[PlyCount "93"]
[EventDate "2019.06.08"]
[EventType "swiss"]
[EventRounds "11"]
[EventCountry "GER"]
[SourceTitle "EXT 2020"]
[Source "ChessBase"]
[SourceDate "2019.10.17"]
[SourceVersion "1"]
[SourceVersionDate "2019.10.17"]
[SourceQuality "1"]

1. Nf3 Nf6 2. g3 d5 3. Bg2 Nc6 4. 0-0 e5 5. d3 h6 6. Nc3 Be6 7. e4 d4 8. Ne2 Bc5 9. c3 Qd6 10. cxd4 Nxd4 11. Nexd4 Bxd4 12. Nxd4 Qxd4 13. Qc2 c5 14. Be3 Qd7 15. Qxc5 Ng4 16. Rfd1 Rc8 17. Qxa7 0-0 18. Qb6 Rc6 19. Qb4 Rfc8 20. b3 R8c7 21. d4 Rd6 22. d5 Nxe3 23. fxe3 Bg4 24. Rdc1 Rxc1+ 25. Rxc1 Rf6 26. Rf1 Rg6 27. a4 Be2 28. Rf2 Ba6 29. Qa5 Qc8 30. Qd2 b5 31. Qb2 Rb6 32. a5 Rd6 33. Qxe5 Rg6 34. Qe7 f6 35. d6 Qf8 36. Qxf8+ Kxf8 37. Rd2 Ke8 38. Bh3 Kd8 39. d7 Rg5 40. Rd6 Re5 41. Rxa6 Rc5 42. Ra8+ Ke7 43. d8Q+ Kf7 44. Qd7+ Kg6 45. Bf5+ Kh5 46. Qf7+ g6 47. Qxg6# 1-0

[Event "Heusenstamm Sparkassen op U14 5th"]
[Site "Heusenstamm"]
[Date "2018.11.24"]
[Round "4"]
[White "Bangiev, Katharina"]
[Black "Willand, Mattis"]
[Result "0-1"]
[WhiteElo "1003"]
[BlackElo "1312"]
[PlyCount "46"]
[EventDate "2018.11.23"]
[EventType "swiss"]
[EventRounds "7"]
[EventCountry "GER"]
[SourceTitle "CBM 188 Extra"]
[Source "ChessBase"]
[SourceDate "2019.02.26"]
[SourceVersion "1"]
[SourceVersionDate "2019.02.26"]
[SourceQuality "1"]

1. e4 c5 2. Nf3 Nc6 3. Bb5 g6 4. Bxc6 dxc6 5. Nc3 Bg7 6. d3 Qb6 7. Be3 Qxb2 8. Bd2 Bxc3 9. Rb1 Bxd2+ 10. Nxd2 Qxa2 11. Nb3 Qa6 12. 0-0 Nf6 13. Nxc5 Qa5 14. Nxb7 Bxb7 15. Rxb7 e6 16. Qb1 0-0 17. Qb2 Kg7 18. Ra1 Qd2 19. g3 Qg5 20. Raxa7 Rxa7 21. Rxa7 Qb5 22. Qc3 Rc8 23. f4 Qb6+ 0-1

[Event "GER-ch U10 Girls"]
[Site "Willingen"]
[Date "2018.05.25"]
[Round "9"]
[White "Bangiev, Katharina"]
[Black "Schupfer, Victoria"]
[Result "1-0"]
[WhiteElo "1009"]
[BlackElo "958"]
[PlyCount "71"]
[EventDate "2018.05.19"]
[EventType "swiss"]
[EventRounds "11"]
[EventCountry "GER"]
[SourceTitle "CBM 184 Extra"]
[Source "ChessBase"]
[SourceDate "2018.06.28"]
[SourceVersion "1"]
[SourceVersionDate "2018.06.28"]
[SourceQuality "1"]

1. e4 e5 2. Nf3 Nc6 3. Bb5 a6 4. Bxc6 dxc6 5. Nc3 Bd6 6. d4 Qe7 7. dxe5 Bxe5 8. Nxe5 Qxe5 9. Be3 Nf6 10. Qd3 Ng4 11. h3 Nf6 12. 0-0-0 Be6 13. a3 Rd8 14. Z0 Rd7 15. Z0 Kd8 16. Z0 Kc8 17. Z0 Rdd8 18. Qe2 Nxe4 19. Nxe4 Qxe4 20. f3 Qa4 21. Bg5 Rxd1+ 22. Rxd1 b5 23. Rd2 b4 24. Rd4 c5 25. Rf4 Qa5 26. Qe3 Re8 27. axb4 Qa1+ 28. Kd2 c4 29. Rxc4 Bd7 30. Qf2 Bb5 31. Re4 Qxb2 32. Rxe8+ Bxe8 33. Qc5 Qa3 34. Bf4 c6 35. Qd6 Kb7 36. Qb8# 1-0

[Event "GER-ch U10 Girls"]
[Site "Willingen"]
[Date "2018.05.22"]
[Round "5"]
[White "Heuberger, Sandra"]
[Black "Bangiev, Katharina"]
[Result "0-1"]
[WhiteElo "1132"]
[BlackElo "1009"]
[PlyCount "128"]
[EventDate "2018.05.19"]
[EventType "swiss"]
[EventRounds "11"]
[EventCountry "GER"]
[SourceTitle "CBM 184 Extra"]
[Source "ChessBase"]
[SourceDate "2018.06.28"]
[SourceVersion "1"]
[SourceVersionDate "2018.06.28"]
[SourceQuality "1"]

1. e4 e5 2. Nf3 Nc6 3. d4 exd4 4. Nxd4 Nge7 5. Be3 Nxd4 6. Bxd4 Nc6 7. Bc4 Qe7 8. Nc3 d6 9. 0-0 Be6 10. Bb3 0-0-0 11. Be3 a6 12. a4 Bxb3 13. cxb3 Qe6 14. Re1 Na5 15. Ra3 Be7 16. f3 Rd7 17. Re2 Rhd8 18. Rd2 Bf6 19. Ne2 d5 20. Nf4 Qe5 21. g3 dxe4 22. fxe4 Qxe4 23. Ng2 Rxd2 24. Bxd2 Qd4+ 25. Kh1 Qxd2 26. Qxd2 Rxd2 27. h3 Rxb2 28. Ra1 Nxb3 29. Rg1 b5 30. axb5 axb5 31. h4 Nd2 32. g4 g5 33. hxg5 Bxg5 34. Re1 Rb1 35. Rxb1 Nxb1 36. Kh2 b4 37. Ne1 b3 38. Nd3 Bf6 39. Kg3 b2 40. Kf4 Na3 41. Nxb2 Bxb2 42. g5 Kd7 43. Kf5 Ke7 44. Kg4 c5 45. Kf3 c4 46. Ke4 c3 47. Ke5 c2+ 48. Kf5 c1Q 49. Ke4 Qc5 50. Kd3 Qb4 51. Ke3 Qc4 52. Kd2 Qc3+ 53. Ke2 Ke6 54. g6 hxg6 55. Kf2 Qd3 56. Kg2 Qe3 57. Kh2 Kf5 58. Kg2 Kg4 59. Kh2 Qh3+ 60. Kg1 Qg3+ 61. Kh1 Qe3 62. Kh2 Qe2+ 63. Kh1 Kg3 64. Kg1 Qd1# 0-1

[Event "GER-ch U10 Girls"]
[Site "Willingen"]
[Date "2018.05.20"]
[Round "2"]
[White "Englert, Lin"]
[Black "Bangiev, Katharina"]
[Result "1-0"]
[WhiteElo "1442"]
[BlackElo "1009"]
[PlyCount "111"]
[EventDate "2018.05.19"]
[EventType "swiss"]
[EventRounds "11"]
[EventCountry "GER"]
[SourceTitle "CBM 184 Extra"]
[Source "ChessBase"]
[SourceDate "2018.06.28"]
[SourceVersion "1"]
[SourceVersionDate "2018.06.28"]
[SourceQuality "1"]

1. e4 e5 2. Nf3 Nc6 3. Bb5 a6 4. Bxc6 dxc6 5. Nc3 Bd6 6. d4 exd4 7. Qxd4 f6 8. 0-0 Be6 9. Re1 Qd7 10. e5 Be7 11. Qf4 0-0-0 12. Qg3 fxe5 13. Nxe5 Qd6 14. Qxg7 Bf6 15. Qg3 Bxe5 16. Qxe5 Qxe5 17. Rxe5 Bd5 18. Bg5 Rd6 19. Rd1 Bc4 20. Rxd6 cxd6 21. Re8+ Kd7 22. Rf8 h6 23. Bf6 Rh7 24. b3 Be6 25. Bh4 Ne7 26. Bxe7 Rxe7 27. f3 Rg7 28. Kf2 Ke7 29. Rh8 Rg6 30. Rh7+ Bf7 31. Ne2 Re6 32. Nd4 Rf6 33. Rxh6 Rxh6 34. Nf5+ Kf6 35. Nxh6 Bg6 36. Ng4+ Ke6 37. c4 Bf7 38. Nh6 Bg6 39. h4 c5 40. g4 Be8 41. Nf5 Bg6 42. Ke3 Bxf5 43. gxf5+ Kxf5 44. h5 Kg5 45. Ke4 Kxh5 46. Kd5 Kg5 47. Kxd6 Kf4 48. Kxc5 Kxf3 49. Kb6 Ke3 50. Kxb7 Kd3 51. c5 Kc2 52. c6 Kb2 53. c7 Kxa2 54. c8Q Kxb3 55. Kxa6 Kb4 56. Kb7 1-0